00467nam a22001572 4500001001100000005001700011008004100028020002600069040001500095100003500110245004100145260003500186300001100221650003200232650004500264000000728520151217155833.0071218s xx 000 0 eng d a9966469818 :cKES 240 aKABUcKABU1 aSimiyu, Vincent G.@000015850410aElijah Masinde /cVincent G. Simiyu. aNairobi :bE. A. E. P.,c1997. a55 p. 0aMasnde, Elijah.@0000158505 0aDini ya MusambwavBiography.@0000158506